Callister`s material scinece and engineering (Record no. 179617)

000 -LEADER
fixed length control field 00416nam a2200133Ia 4500
008 - FIXED-LENGTH DATA ELEMENTS--GENERAL INFORMATION
fixed length control field 220217s9999||||xx |||||||||||||| ||und||
020 ## - INTERNATIONAL STANDARD BOOK NUMBER
International Standard Book Number 978-81-265-2143-2
082 ## - DEWEY DECIMAL CLASSIFICATION NUMBER
Classification number 620.11 CAL
100 ## - MAIN ENTRY--PERSONAL NAME
Personal name Callister, William, D. and balasubramaniam, R
245 #0 - TITLE STATEMENT
Title Callister`s material scinece and engineering
260 ## - PUBLICATION, DISTRIBUTION, ETC.
Place of publication, distribution, etc. Wiley india Pvt.Ltd.
Name of publisher, distributor, etc. New Delhi
Date of publication, distribution, etc. 2010
300 ## - PHYSICAL DESCRIPTION
Extent XXV, 780p.
Other physical details 499
650 ## - SUBJECT ADDED ENTRY--TOPICAL TERM
Topical term or geographic name entry element MECHANICHAL
Holdings
Withdrawn status Lost status Damaged status Not for loan Collection code Home library Current library Shelving location Date acquired Total Checkouts Full call number Barcode Date last seen Date last checked out Price effective from Koha item type
        Mechanical Engineering Central Library Central Library Book Cart 02/18/2022 2 620.11 CAL 14806 01/05/2023 04/13/2022 02/18/2022 Books

Powered by Koha